<?xml version="1.0" encoding="UTF-8"?>
<marc:record xmlns:marc="http://www.loc.gov/MARC21/slim">
   <marc:leader>00000nam a2200000 a 4500</marc:leader>
   <marc:datafield ind1="1" ind2=" " tag="100">
      <marc:subfield code="a">Riordan, Rick</marc:subfield>
      <marc:subfield code="4">aut</marc:subfield>
      <marc:subfield code="e">Verfasser/-in</marc:subfield>
   </marc:datafield>
   <marc:datafield ind1="0" ind2="0" tag="245">
      <marc:subfield code="a">Die Kane-Chroniken -Die rote Pyramide</marc:subfield>
   </marc:datafield>
   <marc:datafield ind1="0" ind2="0" tag="245">
      <marc:subfield code="c">Riordan, Rick</marc:subfield>
   </marc:datafield>
   <marc:datafield ind1=" " ind2="1" tag="264">
      <marc:subfield code="a">Hamburg</marc:subfield>
      <marc:subfield code="b">Carlsen</marc:subfield>
      <marc:subfield code="c">2012</marc:subfield>
   </marc:datafield>
   <marc:datafield ind1="1" ind2=" " tag="520">
      <marc:subfield code="a">Ein Besuch im Museum? An Heiligabend? Eine bescheuerte Idee, findet Sadie. Sie sieht ihren Vater, den berühmten Ägyptologen Dr. Julius Kane, ja ohnehin nur zwei Mal im Jahr - und dann muss er sie und ihren Bruder Carter ausgerechnet ins British Museum schleppen. Aber ihr Vater will ihnen gar keine verstaubten Sarkophage zeigen - er plant nicht weniger, als den ägyptischen Gott Osiris zu beschwören. Doch das geht schief, und er wird von einem unheimlichen glutroten Typen entführt. Um ihn zu befreien, müssen Sadie und Carter es mit der gesamten ägyptischen Götterwelt aufnehmen.</marc:subfield>
   </marc:datafield>
   <marc:datafield ind1=" " ind2=" " tag="020">
      <marc:subfield code="a">9783551555878</marc:subfield>
      <marc:subfield code="9">9783551555878</marc:subfield>
   </marc:datafield>
   <marc:datafield ind1=" " ind2=" " tag="020">
      <marc:subfield code="a">3551555877</marc:subfield>
      <marc:subfield code="9">3551555877</marc:subfield>
   </marc:datafield>
   <marc:datafield ind1=" " ind2=" " tag="041">
      <marc:subfield code="a">ger</marc:subfield>
   </marc:datafield>
   <marc:datafield ind1=" " ind2=" " tag="338">
      <marc:subfield code="a">Band</marc:subfield>
   </marc:datafield>
   <marc:datafield ind1=" " ind2=" " tag="300">
      <marc:subfield code="a">605 S.</marc:subfield>
   </marc:datafield>
</marc:record>
